[Event "Oxford International"]
[Site "Oxford"]
[Date "1984.06.25"]
[Round "1"]
[White "Condie, Mark L"]
[Black "Regan, Kenneth"]
[Result "1/2-1/2"]
[WhiteElo "2340"]
[BlackElo "2400"]
[PlyCount "52"]
[EventDate "1984.06.25"]
[EventType "tourn"]
[EventRounds "9"]
[EventCountry "ENG"]
[SourceTitle "BritBase"]
[Source "John Saunders"]
[SourceDate "2021.06.19"]
[SourceVersion "1"]
[SourceVersionDate "2021.06.19"]
[SourceQuality "1"]

1. Nf3 Nf6 2. c4 e6 3. g3 b6 4. Bg2 Bb7 5. O-O Be7 6. d4 O-O 7. Nc3 Na6 8. d5
Bb4 9. Ne1 Bxc3 10. bxc3 Nc5 11. Nd3 Nxd3 12. Qxd3 e5 13. f4 e4 14. Bxe4 Nxe4
15. Qxe4 f5 16. Qd3 Qe7 17. a4 Rae8 18. Rf2 a5 19. c5 Qe4 20. cxb6 cxb6 21. c4
Rc8 22. Be3 Rxc4 23. Bxb6 Rxa4 24. Rff1 Bxd5 25. Qxe4 Rxe4 26. Rxa5 Bc6 1/2-1/2

[Event "Oxford International"]
[Site "Oxford"]
[Date "1984.06.25"]
[Round "1"]
[White "Hartoch, Robert G"]
[Black "Bradbury, Neil H"]
[Result "1/2-1/2"]
[WhiteElo "2355"]
[BlackElo "2395"]
[PlyCount "65"]
[EventDate "1984.06.25"]
[EventType "tourn"]
[EventRounds "9"]
[EventCountry "ENG"]
[SourceTitle "BritBase"]
[Source "John Saunders"]
[SourceDate "2021.06.19"]
[SourceVersion "1"]
[SourceVersionDate "2021.06.19"]
[SourceQuality "1"]

1. e4 e5 2. Nf3 Nc6 3. Bc4 Be7 4. c3 Nf6 5. d3 O-O 6. O-O d6 7. Nbd2 Na5 8. Bb5
c6 9. Ba4 b5 10. Bc2 c5 11. Re1 Re8 12. Nf1 h6 13. h3 Bf8 14. a3 Bb7 15. Ng3
Nc6 16. d4 Bc8 17. Be3 Qc7 18. Rc1 Bd7 19. Bb1 Qb7 20. b4 exd4 21. cxd4 cxb4
22. d5 Ne5 23. axb4 Rac8 24. Nxe5 dxe5 25. Bc5 a5 26. Bxf8 Kxf8 27. bxa5 Qa7
28. Qd2 Ra8 29. Qb4+ Kg8 30. Bd3 Qxa5 31. Rb1 Qxb4 32. Rxb4 Ra4 33. Reb1
1/2-1/2

[Event "Oxford International"]
[Site "Oxford"]
[Date "1984.06.25"]
[Round "1"]
[White "Levitt, Jonathan"]
[Black "McNab, Colin Anderson"]
[Result "1-0"]
[WhiteElo "2345"]
[BlackElo "2375"]
[PlyCount "65"]
[EventDate "1984.06.25"]
[EventType "tourn"]
[EventRounds "9"]
[EventCountry "ENG"]
[SourceTitle "BritBase"]
[Source "John Saunders"]
[SourceDate "2021.06.19"]
[SourceVersion "1"]
[SourceVersionDate "2021.06.19"]
[SourceQuality "1"]

1. d4 d6 2. g3 g6 3. c4 e5 4. Nc3 Nd7 5. Bg2 Bg7 6. Nf3 Ngf6 7. O-O O-O 8. Qc2
c6 9. Rd1 Qe7 10. e4 a5 11. b3 exd4 12. Nxd4 Nc5 13. Bf4 Rd8 14. h3 Nfd7 15.
Rd2 Ne5 16. Be3 a4 17. Rad1 axb3 18. axb3 Na6 19. f4 Nb4 20. Qb1 c5 21. Ndb5
Nec6 22. Na4 Be6 23. Nxd6 Bd4 24. Bxd4 Nxd4 25. e5 Bf5 26. Qb2 Bc2 27. Rxd4
cxd4 28. Rxd4 Bf5 29. Kh2 Bd7 30. c5 Nc6 31. Rd2 Qe6 32. Nb6 Ra5 33. Nxb7 1-0

[Event "Oxford International"]
[Site "Oxford"]
[Date "1984.06.25"]
[Round "1"]
[White "Ligterink, Gert"]
[Black "Hawksworth, John C"]
[Result "1-0"]
[WhiteElo "2445"]
[BlackElo "2340"]
[PlyCount "80"]
[EventDate "1984.06.25"]
[EventType "tourn"]
[EventRounds "9"]
[EventCountry "ENG"]
[SourceTitle "BritBase"]
[Source "John Saunders"]
[SourceDate "2021.06.19"]
[SourceVersion "1"]
[SourceVersionDate "2021.06.19"]
[SourceQuality "1"]

1. d4 Nf6 2. c4 e6 3. Nf3 b6 4. a3 Bb7 5. Nc3 d5 6. cxd5 exd5 7. Bf4 Bd6 8. Bg3
O-O 9. e3 Re8 10. Bd3 c5 11. O-O Bxg3 12. hxg3 Nbd7 13. Rc1 a6 14. dxc5 bxc5
15. b4 d4 16. exd4 Bxf3 17. gxf3 cxd4 18. Na4 h5 19. f4 h4 20. g4 Nb6 21. Nxb6
Qxb6 22. Qf3 Qe6 23. g5 Qd5 24. Qh3 Nh5 25. Qg4 h3 26. f3 Qb3 27. Rfd1 g6 28.
f5 Rac8 29. fxg6 fxg6 30. Qxd4 Rxc1 31. Rxc1 Qxa3 32. Bc4+ Kh7 33. Rf1 Qe3+ 34.
Qxe3 Rxe3 35. Bxa6 Rb3 36. b5 Rb2 37. Rf2 h2+ 38. Rxh2 Rb1+ 39. Kg2 Rb2+ 40.
Kh3 Nf4+ 1-0

[Event "Oxford International"]
[Site "Oxford"]
[Date "1984.06.25"]
[Round "1"]
[White "Upton, Timothy J"]
[Black "Cox, John J"]
[Result "1-0"]
[WhiteElo "2340"]
[BlackElo "2350"]
[PlyCount "83"]
[EventDate "1984.06.25"]
[EventType "tourn"]
[EventRounds "9"]
[EventCountry "ENG"]
[SourceTitle "BritBase"]
[Source "John Saunders"]
[SourceDate "2021.06.19"]
[SourceVersion "1"]
[SourceVersionDate "2021.06.19"]
[SourceQuality "1"]

1. e4 c5 2. Nf3 e6 3. d4 cxd4 4. Nxd4 a6 5. Nc3 Qc7 6. Be2 Nc6 7. O-O b5 8.
Nxc6 Qxc6 9. e5 Bb7 10. Bf3 Qc7 11. Re1 Ne7 12. Bxb7 Qxb7 13. Ne4 Ng6 14. f4
Rc8 15. Qd3 Be7 16. Be3 Rc4 17. Bd2 O-O 18. b3 Rc6 19. Be3 Rfc8 20. c3 f5 21.
exf6 gxf6 22. Bd4 f5 23. Nf6+ Bxf6 24. Bxf6 Kf7 25. Bd4 Rd6 26. Qh3 Rxd4 27.
cxd4 Rc2 28. Qxh7+ Kf6 29. Rxe6+ Kxe6 30. Qxg6+ Ke7 31. Qg7+ Kd8 32. Qh8+ Kc7
33. Qe5+ Kc8 34. d5 Qb6+ 35. Kh1 Qf2 36. Rg1 Re2 37. Rc1+ Rc2 38. Rxc2+ Qxc2
39. h3 Qxa2 40. d6 Qb1+ 41. Kh2 Kb7 42. Qc5 1-0

[Event "Oxford International"]
[Site "Oxford"]
[Date "1984.06.26"]
[Round "2"]
[White "Cox, John J"]
[Black "Condie, Mark L"]
[Result "1/2-1/2"]
[WhiteElo "2350"]
[BlackElo "2340"]
[PlyCount "142"]
[EventDate "1984.06.25"]
[EventType "tourn"]
[EventRounds "9"]
[EventCountry "ENG"]
[SourceTitle "BritBase"]
[Source "John Saunders"]
[SourceDate "2021.06.19"]
[SourceVersion "1"]
[SourceVersionDate "2021.06.19"]
[SourceQuality "1"]

1. e4 e5 2. Nf3 Nc6 3. Bb5 g6 4. d4 exd4 5. Bg5 Be7 6. Bxe7 Ngxe7 7. Nxd4 d5 8.
exd5 Qxd5 9. Nxc6 Qxd1+ 10. Kxd1 bxc6 11. Bc4 Bf5 12. Nc3 O-O-O+ 13. Kc1 Nd5
14. Re1 Nxc3 15. bxc3 Rhe8 16. Ba6+ Kd7 17. Kd2 Rxe1 18. Rxe1 Be6 19. a3 Rb8
20. Bd3 Bd5 21. g3 Kd6 22. h4 h6 23. c4 Be6 24. c5+ Kd7 25. Kc3 Bd5 26. f4 a5
27. Be2 Ke7 28. h5 gxh5 29. Bxh5+ Kf6 30. Kd4 Rb2 31. c4 Be6 32. Bf3 Rc2 33.
Be2 Ra2 34. Bd3 Rxa3 35. Rh1 Kg7 36. f5 Bd7 37. Re1 Kf6 38. Rh1 Kg5 39. f6 Bg4
40. Re1 Kxf6 41. Re8 h5 42. Ra8 Ke7 43. Ra6 Bd7 44. Ra7 Ra1 45. Rxc7 Kd8 46.
Ra7 a4 47. Be2 a3 48. Bxh5 a2 49. Be2 f5 50. Kc3 Ke7 51. Bd3 Ke6 52. Kb2 Rd1
53. Bc2 a1=Q+ 54. Rxa1 Rxa1 55. Kxa1 Ke5 56. Kb2 Kd4 57. Kb3 Ke3 58. Kb4 Kf3
59. Ka5 Kxg3 60. Kb6 f4 61. Be4 f3 62. Bxc6 Bxc6 63. Kxc6 f2 64. Kd7 f1=Q 65.
c6 Qf7+ 66. Kd8 Qf6+ 67. Kd7 Qd4+ 68. Kc8 Kf4 69. c7 Ke5 70. Kb7 Qb2+ 71. Ka7
Qa3+ 1/2-1/2

[Event "Oxford International"]
[Site "Oxford"]
[Date "1984.06.26"]
[Round "2"]
[White "Hawksworth, John C"]
[Black "Bradbury, Neil H"]
[Result "1/2-1/2"]
[WhiteElo "2340"]
[BlackElo "2395"]
[PlyCount "54"]
[EventDate "1984.06.25"]
[EventType "tourn"]
[EventRounds "9"]
[EventCountry "ENG"]
[SourceTitle "BritBase"]
[Source "John Saunders"]
[SourceDate "2021.06.19"]
[SourceVersion "1"]
[SourceVersionDate "2021.06.19"]
[SourceQuality "1"]

1. d4 Nf6 2. c4 e6 3. Nf3 b6 4. a3 Bb7 5. Nc3 d5 6. cxd5 Nxd5 7. e3 g6 8. Bb5+
c6 9. Bd3 Bg7 10. O-O O-O 11. Nxd5 exd5 12. b3 Nd7 13. Bb2 Re8 14. Rc1 Rc8 15.
Qe2 b5 16. a4 bxa4 17. bxa4 Nb6 18. Qc2 Nc4 19. Nd2 c5 20. Nxc4 dxc4 21. Bxc4
cxd4 22. Qb3 Rxc4 23. Qxc4 Qg5 24. f3 dxe3 25. Bxg7 e2 26. Bd4 exf1=Q+ 27. Rxf1
Qd2 1/2-1/2

[Event "Oxford International"]
[Site "Oxford"]
[Date "1984.06.26"]
[Round "2"]
[White "Ligterink, Gert"]
[Black "Upton, Timothy J"]
[Result "1-0"]
[WhiteElo "2445"]
[BlackElo "2340"]
[PlyCount "119"]
[EventDate "1984.06.25"]
[EventType "tourn"]
[EventRounds "9"]
[EventCountry "ENG"]
[SourceTitle "BritBase"]
[Source "John Saunders"]
[SourceDate "2021.06.19"]
[SourceVersion "1"]
[SourceVersionDate "2021.06.19"]
[SourceQuality "1"]

1. d4 d5 2. c4 e6 3. Nc3 Be7 4. Nf3 Nf6 5. Bg5 O-O 6. e3 h6 7. Bxf6 Bxf6 8. Rc1
c6 9. Bd3 Nd7 10. O-O dxc4 11. Bxc4 e5 12. Bb3 exd4 13. exd4 Nb6 14. h3 Bf5 15.
Re1 Re8 16. Rxe8+ Qxe8 17. Qd2 Rd8 18. Re1 Qd7 19. Qf4 Bg6 20. Qg3 Kh7 21. Ne5
Bxe5 22. dxe5 Qe7 23. f4 Qc5+ 24. Kh2 Rd3 25. Qg4 Rd4 26. e6 fxe6 27. Rxe6 Bh5
28. Qg3 Qf8 29. Re5 Bg6 30. f5 Bf7 31. Ne2 Rd2 32. Bxf7 Qxf7 33. Nf4 Rd8 34.
Ne6 Rd5 35. Rxd5 Nxd5 36. Qe5 Qf6 37. Qxf6 gxf6 38. Nd8 Nb4 39. Nxb7 Nxa2 40.
Kg3 Nb4 41. Kf3 h5 42. Nc5 Kh6 43. h4 Kg7 44. Ke4 Nd5 45. Nb3 Ne7 46. Na5 Kf7
47. Nc4 Ke8 48. Ne3 Kd7 49. Kd4 Kd6 50. Ke4 Nd5 51. Nf1 a5 52. Ng3 a4 53. Nxh5
c5 54. Kd3 Ke5 55. g4 Nb6 56. Ng7 Nd5 57. h5 c4+ 58. Kd2 c3+ 59. bxc3 a3 60.
Kc1 1-0

[Event "Oxford International"]
[Site "Oxford"]
[Date "1984.06.26"]
[Round "2"]
[White "McNab, Colin Anderson"]
[Black "Hartoch, Robert G"]
[Result "1/2-1/2"]
[WhiteElo "2375"]
[BlackElo "2355"]
[PlyCount "82"]
[EventDate "1984.06.25"]
[EventType "tourn"]
[EventRounds "9"]
[EventCountry "ENG"]
[SourceTitle "BritBase"]
[Source "John Saunders"]
[SourceDate "2021.06.19"]
[SourceVersion "1"]
[SourceVersionDate "2021.06.19"]
[SourceQuality "1"]

1. g3 d5 2. Bg2 c6 3. b3 Bg4 4. Bb2 Nd7 5. h3 Bh5 6. Nf3 Bxf3 7. Bxf3 Ngf6 8.
d3 e6 9. O-O Bc5 10. Nd2 Qe7 11. a3 a5 12. e4 dxe4 13. Nxe4 Nxe4 14. Bxe4 Nf6
15. Bg2 O-O 16. Qe2 Rfd8 17. Rfd1 Rd7 18. d4 Bb6 19. Rd3 Rad8 20. Rad1 Bc7 21.
c4 Bd6 22. a4 Ba3 23. Ba1 Bb4 24. Bf3 Re8 25. Kg2 Qd8 26. Re3 Rf8 27. Qb2 Be7
28. h4 Ne8 29. Qd2 Bb4 30. Qe2 Nc7 31. Be4 Be7 32. Bc3 Bb4 33. Ba1 Be7 34. Bc2
Na6 35. d5 cxd5 36. cxd5 Rxd5 37. Rxd5 Qxd5+ 38. Be4 Qd7 39. Rd3 Qc8 40. Rc3
Nc5 41. Rc4 f6 1/2-1/2

[Event "Oxford International"]
[Site "Oxford"]
[Date "1984.06.26"]
[Round "2"]
[White "Regan, Kenneth"]
[Black "Levitt, Jonathan"]
[Result "1/2-1/2"]
[WhiteElo "2400"]
[BlackElo "2345"]
[PlyCount "63"]
[EventDate "1984.06.25"]
[EventType "tourn"]
[EventRounds "9"]
[EventCountry "ENG"]
[SourceTitle "BritBase"]
[Source "John Saunders"]
[SourceDate "2021.06.19"]
[SourceVersion "1"]
[SourceVersionDate "2021.06.19"]
[SourceQuality "1"]

1. e4 e6 2. d4 d5 3. e5 b6 4. Nf3 Ne7 5. c4 Qd7 6. Nc3 Bb7 7. Be2 dxc4 8. Bxc4
Nbc6 9. O-O O-O-O 10. Be3 Nf5 11. d5 exd5 12. Bxd5 Bb4 13. Bg5 Bxc3 14. Bxd8
Rxd8 15. Be4 Bd4 16. Qc2 Nce7 17. Rfd1 h5 18. Rac1 Bxe4 19. Qxe4 Qd5 20. Qf4 c5
21. b4 Kb7 22. bxc5 bxc5 23. h3 g6 24. g4 hxg4 25. hxg4 g5 26. Nxg5 Rh8 27. Ne4
Nh4 28. Qf6 Qxe5 29. Qxe5 Nf3+ 30. Kg2 Nxe5 31. Nxc5+ Bxc5 32. Rxc5 1/2-1/2

[Event "Oxford International"]
[Site "Oxford"]
[Date "1984.06.27"]
[Round "3"]
[White "Bradbury, Neil H"]
[Black "McNab, Colin Anderson"]
[Result "0-1"]
[WhiteElo "2395"]
[BlackElo "2375"]
[PlyCount "80"]
[EventDate "1984.06.25"]
[EventType "tourn"]
[EventRounds "9"]
[EventCountry "ENG"]
[SourceTitle "BritBase"]
[Source "John Saunders"]
[SourceDate "2021.06.19"]
[SourceVersion "1"]
[SourceVersionDate "2021.06.19"]
[SourceQuality "1"]

1. d4 d6 2. Nf3 g6 3. c4 Bg7 4. Nc3 Nf6 5. e4 O-O 6. Be2 Nbd7 7. O-O e5 8. Re1
a5 9. Rb1 c6 10. d5 Nc5 11. Bf1 Qe7 12. Bg5 h6 13. Bh4 Qc7 14. b3 Nh5 15. Nd2
Nf4 16. a3 cxd5 17. g3 g5 18. gxf4 exf4 19. Nxd5 Qd8 20. Qh5 gxh4 21. Nf3 Kh7
22. Kh1 f5 23. e5 dxe5 24. Nxe5 Qg5 25. Qxg5 hxg5 26. f3 Ra6 27. b4 axb4 28.
axb4 Re6 29. Nd3 Na4 30. Ne7 Re3 31. Nd5 Rxf3 32. Be2 Re3 33. Nxe3 fxe3 34. Rg1
Kh6 35. Rbc1 Nc3 36. Rc2 Nxe2 37. Rxe2 f4 38. Ne1 Bf5 39. h3 Be4+ 40. Kh2 Be5
0-1

[Event "Oxford International"]
[Site "Oxford"]
[Date "1984.06.27"]
[Round "3"]
[White "Condie, Mark L"]
[Black "Ligterink, Gert"]
[Result "1/2-1/2"]
[WhiteElo "2340"]
[BlackElo "2445"]
[PlyCount "33"]
[EventDate "1984.06.25"]
[EventType "tourn"]
[EventRounds "9"]
[EventCountry "ENG"]
[SourceTitle "BritBase"]
[Source "John Saunders"]
[SourceDate "2021.06.19"]
[SourceVersion "1"]
[SourceVersionDate "2021.06.19"]
[SourceQuality "1"]

1. Nf3 c5 2. c4 Nf6 3. Nc3 Nc6 4. g3 d5 5. cxd5 Nxd5 6. Nxd5 Qxd5 7. Bg2 Bg4 8.
O-O Qd7 9. d3 e5 10. Be3 Rc8 11. a3 Bd6 12. Qa4 Nd4 13. Qxd7+ Kxd7 14. Bxd4
cxd4 15. Rfc1 f6 16. Kf1 b6 17. Ke1 1/2-1/2

[Event "Oxford International"]
[Site "Oxford"]
[Date "1984.06.27"]
[Round "3"]
[White "Hartoch, Robert G"]
[Black "Regan, Kenneth"]
[Result "1/2-1/2"]
[WhiteElo "2355"]
[BlackElo "2400"]
[PlyCount "49"]
[EventDate "1984.06.25"]
[EventType "tourn"]
[EventRounds "9"]
[EventCountry "ENG"]
[SourceTitle "BritBase"]
[Source "John Saunders"]
[SourceDate "2021.06.19"]
[SourceVersion "1"]
[SourceVersionDate "2021.06.19"]
[SourceQuality "1"]

1. d4 Nf6 2. Nf3 e6 3. c4 b6 4. Nc3 Bb4 5. Bg5 Bb7 6. e3 h6 7. Bh4 g5 8. Bg3
Ne4 9. Nd2 Nxg3 10. hxg3 Bxc3 11. bxc3 d6 12. a4 a5 13. e4 Nd7 14. Bd3 Qe7 15.
Nf1 O-O-O 16. Ne3 Nf6 17. Qc2 h5 18. O-O-O h4 19. g4 Nd7 20. Kb2 Nf8 21. Ka2
Ng6 22. g3 Qf6 23. Qe2 Nf8 24. Rdf1 Ng6 25. Rb1 1/2-1/2

[Event "Oxford International"]
[Site "Oxford"]
[Date "1984.06.27"]
[Round "3"]
[White "Levitt, Jonathan"]
[Black "Cox, John J"]
[Result "1/2-1/2"]
[WhiteElo "2345"]
[BlackElo "2350"]
[PlyCount "49"]
[EventDate "1984.06.25"]
[EventType "tourn"]
[EventRounds "9"]
[EventCountry "ENG"]
[SourceTitle "BritBase"]
[Source "John Saunders"]
[SourceDate "2021.06.19"]
[SourceVersion "1"]
[SourceVersionDate "2021.06.19"]
[SourceQuality "1"]

1. d4 e6 2. Nf3 c5 3. c3 Nf6 4. Bg5 Be7 5. Nbd2 d5 6. e3 O-O 7. Bd3 b6 8. O-O
Nbd7 9. Qe2 Bb7 10. Rad1 h6 11. Bf4 Qc8 12. Rfe1 a5 13. e4 dxe4 14. Nxe4 Nxe4
15. Bxe4 Bxe4 16. Qxe4 Nf6 17. Qe2 Nd5 18. Bg3 c4 19. a4 Qa6 20. Ne5 Rac8 21.
Ra1 b5 22. axb5 Qxb5 23. Qc2 Ra8 24. Ra4 Nb6 25. Raa1 1/2-1/2

[Event "Oxford International"]
[Site "Oxford"]
[Date "1984.06.27"]
[Round "3"]
[White "Upton, Timothy J"]
[Black "Hawksworth, John C"]
[Result "0-1"]
[WhiteElo "2340"]
[BlackElo "2340"]
[PlyCount "64"]
[EventDate "1984.06.25"]
[EventType "tourn"]
[EventRounds "9"]
[EventCountry "ENG"]
[SourceTitle "BritBase"]
[Source "John Saunders"]
[SourceDate "2021.06.19"]
[SourceVersion "1"]
[SourceVersionDate "2021.06.19"]
[SourceQuality "1"]

1. e4 c5 2. Nf3 e6 3. d4 cxd4 4. Nxd4 Nc6 5. Nc3 d6 6. Be2 Nf6 7. Be3 Be7 8.
O-O O-O 9. f4 e5 10. Nb3 exf4 11. Bxf4 Be6 12. Kh1 d5 13. e5 Nd7 14. Nxd5 Ndxe5
15. Nxe7+ Qxe7 16. Qe1 Ng6 17. Bd2 Rfe8 18. Bd3 Nce5 19. Bb5 Red8 20. Bc3 Bd5
21. Qg3 a6 22. Rae1 axb5 23. Bxe5 Qh4 24. a3 Ra4 25. Qxh4 Nxh4 26. Rf2 Re8 27.
h3 Ra6 28. Nd4 f6 29. Nxb5 Nxg2 30. Rxg2 Rxe5 31. Rxe5 fxe5 32. Kg1 Bxg2 0-1

[Event "Oxford International"]
[Site "Oxford"]
[Date "1984.06.28"]
[Round "4"]
[White "Cox, John J"]
[Black "Hartoch, Robert G"]
[Result "1/2-1/2"]
[WhiteElo "2350"]
[BlackElo "2355"]
[PlyCount "59"]
[EventDate "1984.06.25"]
[EventType "tourn"]
[EventRounds "9"]
[EventCountry "ENG"]
[SourceTitle "BritBase"]
[Source "John Saunders"]
[SourceDate "2021.06.19"]
[SourceVersion "1"]
[SourceVersionDate "2021.06.19"]
[SourceQuality "1"]

1. e4 e5 2. Nf3 Nf6 3. Nxe5 d6 4. Nf3 Nxe4 5. d4 d5 6. Bd3 Be7 7. O-O Nc6 8.
Re1 Bg4 9. c4 Nf6 10. cxd5 Nxd5 11. Nc3 O-O 12. Be4 Be6 13. Ne5 Nxe5 14. dxe5
Nxc3 15. bxc3 Qxd1 16. Rxd1 Rad8 17. Be3 b6 18. a4 f6 19. f4 fxe5 20. fxe5 a5
21. Bc6 Bb3 22. Rxd8 Rxd8 23. Bd4 Kf7 24. Rf1+ Ke6 25. Bf3 Bc5 26. Bg4+ Ke7 27.
Bxc5+ bxc5 28. Rb1 c4 29. Rf1 Rf8 30. Re1 1/2-1/2

[Event "Oxford International"]
[Site "Oxford"]
[Date "1984.06.28"]
[Round "4"]
[White "Hawksworth, John C"]
[Black "McNab, Colin Anderson"]
[Result "1/2-1/2"]
[WhiteElo "2340"]
[BlackElo "2375"]
[PlyCount "35"]
[EventDate "1984.06.25"]
[EventType "tourn"]
[EventRounds "9"]
[EventCountry "ENG"]
[SourceTitle "BritBase"]
[Source "John Saunders"]
[SourceDate "2021.06.19"]
[SourceVersion "1"]
[SourceVersionDate "2021.06.19"]
[SourceQuality "1"]

1. d4 d6 2. Nf3 g6 3. g3 Bg7 4. c4 Nd7 5. Bg2 e5 6. Nc3 Ne7 7. O-O O-O 8. e4
Nc6 9. Bg5 f6 10. Be3 exd4 11. Nxd4 Nde5 12. Nde2 Kh8 13. b3 f5 14. Rc1 Ng4 15.
Bd2 Nf6 16. Be3 Ng4 17. Bd2 Nf6 18. Be3 1/2-1/2

[Event "Oxford International"]
[Site "Oxford"]
[Date "1984.06.28"]
[Round "4"]
[White "Ligterink, Gert"]
[Black "Levitt, Jonathan"]
[Result "1/2-1/2"]
[WhiteElo "2445"]
[BlackElo "2345"]
[PlyCount "64"]
[EventDate "1984.06.25"]
[EventType "tourn"]
[EventRounds "9"]
[EventCountry "ENG"]
[SourceTitle "BritBase"]
[Source "John Saunders"]
[SourceDate "2021.06.19"]
[SourceVersion "1"]
[SourceVersionDate "2021.06.19"]
[SourceQuality "1"]

1. d4 Nf6 2. c4 e6 3. Nf3 b6 4. g3 Bb7 5. Bg2 Be7 6. O-O O-O 7. Nc3 Ne4 8. Bd2
f5 9. d5 Bf6 10. Rc1 Na6 11. Ne1 Qe7 12. Nxe4 fxe4 13. Bxe4 exd5 14. Bxd5+ Bxd5
15. cxd5 Bxb2 16. d6 Qf7 17. Rc2 Be5 18. dxc7 Bxc7 19. Nd3 d5 20. Bf4 Rad8 21.
Rd2 h6 22. Qa1 Nc5 23. Bxc7 Qxc7 24. Nf4 Qf7 25. Qd4 Rfe8 26. Rfd1 Re4 27. Qa1
Rxf4 28. gxf4 Qg6+ 29. Kf1 Qh5 30. Qe5 Qh3+ 31. Kg1 Qg4+ 32. Kf1 Qh3+ 1/2-1/2

[Event "Oxford International"]
[Site "Oxford"]
[Date "1984.06.28"]
[Round "4"]
[White "Regan, Kenneth"]
[Black "Bradbury, Neil H"]
[Result "1-0"]
[WhiteElo "2400"]
[BlackElo "2395"]
[PlyCount "83"]
[EventDate "1984.06.25"]
[EventType "tourn"]
[EventRounds "9"]
[EventCountry "ENG"]
[SourceTitle "BritBase"]
[Source "John Saunders"]
[SourceDate "2021.06.19"]
[SourceVersion "1"]
[SourceVersionDate "2021.06.19"]
[SourceQuality "1"]

1. e4 e5 2. Nf3 Nc6 3. Bc4 Bc5 4. d3 Nf6 5. c3 d6 6. Nbd2 O-O 7. O-O a6 8. Bb3
Be6 9. Nc4 Ba7 10. Bg5 h6 11. Bh4 Bxc4 12. Bxc4 Na5 13. Nd2 Qe7 14. Qf3 b5 15.
Bb3 Nxb3 16. axb3 Qe6 17. Bxf6 Qxf6 18. Qxf6 gxf6 19. Ra2 Bb6 20. Rfa1 Rad8 21.
Rxa6 d5 22. Nf3 dxe4 23. dxe4 Kg7 24. Kf1 Rd3 25. Ke2 Rd7 26. Ra8 Rfd8 27. Rxd8
Rxd8 28. Nh4 h5 29. Nf5+ Kg6 30. f3 Rd7 31. b4 c5 32. bxc5 Bxc5 33. Ra5 Bg1 34.
Rxb5 Bxh2 35. g3 Kg5 36. Rb8 Kg6 37. Rg8+ Kh7 38. Ra8 Bg1 39. b4 Rc7 40. Ra1
Rxc3 41. Rxg1 Rb3 42. Rh1 1-0

[Event "Oxford International"]
[Site "Oxford"]
[Date "1984.06.28"]
[Round "4"]
[White "Upton, Timothy J"]
[Black "Condie, Mark L"]
[Result "0-1"]
[WhiteElo "2340"]
[BlackElo "2340"]
[PlyCount "76"]
[EventDate "1984.06.25"]
[EventType "tourn"]
[EventRounds "9"]
[EventCountry "ENG"]
[SourceTitle "BritBase"]
[Source "John Saunders"]
[SourceDate "2021.06.19"]
[SourceVersion "1"]
[SourceVersionDate "2021.06.19"]
[SourceQuality "1"]

1. e4 e5 2. Nf3 Nf6 3. Nxe5 d6 4. Nf3 Nxe4 5. Nc3 Nxc3 6. bxc3 Be7 7. d4 O-O 8.
Bd3 Bg4 9. O-O Nd7 10. c4 c5 11. c3 Rc8 12. Bf4 Nf6 13. Rb1 Qd7 14. Re1 Rfe8
15. Bc2 Bf8 16. Rxe8 Nxe8 17. h3 Bf5 18. Ba4 Qe7 19. Rb2 Bd7 20. Bc2 b6 21. Bd3
h6 22. Re2 Qf6 23. Bg3 Bf5 24. Bxf5 Qxf5 25. Qa4 Nf6 26. Qxa7 cxd4 27. Nxd4 Qd3
28. Qxb6 Rxc4 29. Qb2 Rxc3 30. Rd2 Qc4 31. Nb3 Qc6 32. Rd4 Rc2 33. Qb1 d5 34.
Rd2 Rc4 35. Rd1 Qe6 36. Qd3 Bb4 37. Nd4 Qa6 38. Be5 Ne4 0-1

[Event "Oxford International"]
[Site "Oxford"]
[Date "1984.06.29"]
[Round "5"]
[White "Bradbury, Neil H"]
[Black "Cox, John J"]
[Result "0-1"]
[WhiteElo "2395"]
[BlackElo "2350"]
[PlyCount "98"]
[EventDate "1984.06.25"]
[EventType "tourn"]
[EventRounds "9"]
[EventCountry "ENG"]
[SourceTitle "BritBase"]
[Source "John Saunders"]
[SourceDate "2021.06.19"]
[SourceVersion "1"]
[SourceVersionDate "2021.06.19"]
[SourceQuality "1"]

1. d4 e6 2. c4 f5 3. Nf3 Nf6 4. g3 Bb4+ 5. Nbd2 O-O 6. Bg2 a5 7. O-O b6 8. a3
Be7 9. d5 Bb7 10. Nd4 Bc5 11. N2b3 a4 12. Nxc5 bxc5 13. Nb5 exd5 14. Bg5 Qc8
15. cxd5 d6 16. Nc3 Qe8 17. Bxf6 Rxf6 18. e4 f4 19. gxf4 Rxf4 20. Ne2 Rxe4 21.
Bxe4 Qxe4 22. Nc3 Qh4 23. Qf3 Nd7 24. Rad1 Rf8 25. Qg3 Qh6 26. Rfe1 Ne5 27.
Rxe5 dxe5 28. Ne4 Qh5 29. Rd2 Rf4 30. f3 Rxf3 31. Qg5 Qxg5+ 32. Nxg5 Rb3 33.
Ne6 c4 34. Nxc7 Rd3 35. Rc2 Bxd5 36. Nxd5 Rxd5 37. Rxc4 Rd4 38. Rc2 Kf7 39. Kf2
Ke6 40. Ke3 Kd5 41. Rc7 Rg4 42. Ra7 h5 43. Rb7 Rg2 44. h4 Rg3+ 45. Kd2 Rg4 46.
Ra7 Ke6 47. Kc3 Kf6 48. Ra6+ Kf5 49. Ra7 g6 0-1

[Event "Oxford International"]
[Site "Oxford"]
[Date "1984.06.29"]
[Round "5"]
[White "Condie, Mark L"]
[Black "Hawksworth, John C"]
[Result "1-0"]
[WhiteElo "2340"]
[BlackElo "2340"]
[PlyCount "91"]
[EventDate "1984.06.25"]
[EventType "tourn"]
[EventRounds "9"]
[EventCountry "ENG"]
[SourceTitle "BritBase"]
[Source "John Saunders"]
[SourceDate "2021.06.19"]
[SourceVersion "1"]
[SourceVersionDate "2021.06.19"]
[SourceQuality "1"]

1. Nf3 c5 2. c4 b6 3. Nc3 Bb7 4. e3 e6 5. a3 Nf6 6. d4 Ne4 7. Nxe4 Bxe4 8. Bd3
Bxd3 9. Qxd3 cxd4 10. exd4 d5 11. Bg5 Be7 12. Bxe7 Qxe7 13. O-O O-O 14. cxd5
exd5 15. Rac1 Nd7 16. Rc6 Rac8 17. Qc2 Rxc6 18. Qxc6 Nf6 19. Re1 Qd7 20. Qxd7
Nxd7 21. Re7 Rd8 22. Ng5 a5 23. g3 h6 24. Nxf7 Kf8 25. Nxd8 Kxe7 26. Nc6+ Kd6
27. Na7 Nf6 28. Kf1 Kd7 29. Ke2 Ne4 30. Nb5 Kc6 31. a4 Ng5 32. Ke3 Ne6 33. f4
g6 34. g4 Ng7 35. Nc3 Kd6 36. Nd1 Kc6 37. Nf2 h5 38. h3 hxg4 39. hxg4 b5 40. b3
bxa4 41. bxa4 Ne6 42. Nd3 Kd6 43. Ne5 Nf8 44. f5 gxf5 45. gxf5 Ke7 46. Ng6+ 1-0